[Event "BL2 Ost 1314 (Women)"]
[Site "Germany"]
[Date "2014.02.15"]
[Round "4.3"]
[White "Kludacz, Magdalena"]
[Black "Heyme, Sibylle"]
[Result "1-0"]
[WhiteElo "2202"]
[BlackElo "2041"]
[PlyCount "57"]
[EventDate "2013.11.30"]
[EventType "team-tourn"]
[EventRounds "7"]
[EventCountry "GER"]
[SourceTitle "EXT 2018"]
[Source "ChessBase"]
[SourceDate "2017.10.13"]
[SourceVersion "1"]
[SourceVersionDate "2017.10.13"]
[SourceQuality "1"]
[WhiteTeam "Torgelow Droegeheide (W)"]
[BlackTeam "Berlin Rotation (W)"]
[WhiteTeamCountry "GER"]
[BlackTeamCountry "GER"]

1. d4 Nf6 2. c4 g6 3. Nc3 Bg7 4. e4 d6 5. f3 0-0 6. Bg5 c6 7. Qd2 Nbd7 8. Nh3 Qc7 9. Nf2 a6 10. Rc1 Re8 11. Be2 b6 12. 0-0 Bb7 13. f4 Rad8 14. Kh1 e5 15. fxe5 dxe5 16. dxe5 Nxe5 17. Qf4 Rd6 18. Rcd1 Nfd7 19. Ng4 Ree6 20. c5 bxc5 21. Bc4 Rxd1 22. Nxd1 Qd6 23. Bxe6 Qxe6 24. Nxe5 Bxe5 25. Qd2 c4 26. Nc3 Nc5 27. Qd8+ Kg7 28. Be7 Nd7 29. Rd1 1-0

[Event "POL-chT 2nd League"]
[Site "Miedzyzdroje"]
[Date "2009.09.20"]
[Round "9"]
[White "Kludacz, Magdalena"]
[Black "Barburzynska, Magdalena"]
[Result "1/2-1/2"]
[WhiteElo "2163"]
[BlackElo "1928"]
[PlyCount "112"]
[EventDate "2009.09.12"]
[EventType "team-swiss"]
[EventRounds "9"]
[EventCountry "POL"]
[SourceTitle "EXT 2019"]
[Source "ChessBase"]
[SourceDate "2018.10.10"]
[SourceVersion "1"]
[SourceVersionDate "2018.10.10"]
[SourceQuality "1"]
[WhiteTeam "Gostynin Gostmat 83"]
[BlackTeam "Wroclaw Hetman"]
[WhiteTeamCountry "POL"]
[BlackTeamCountry "POL"]

1. d4 g6 2. c4 Bg7 3. Nc3 d6 4. e4 e5 5. d5 a5 6. Be3 Na6 7. Nge2 Nf6 8. f3 Nc5 9. Nc1 Bd7 10. Nd3 b6 11. Qd2 0-0 12. Nf2 Nh5 13. g4 Nf4 14. Bxf4 exf4 15. Qxf4 f5 16. gxf5 gxf5 17. Rg1 Kh8 18. Qg5 Qxg5 19. Rxg5 Rae8 20. Be2 fxe4 21. Nfxe4 Nxe4 22. Nxe4 Bxb2 23. Rb1 Be5 24. Rh5 Bf5 25. Kd2 Bg6 26. Rh4 Rf4 27. Rh3 Bxe4 28. fxe4 Rf2 29. Rf1 Ref8 30. Ke1 Rxf1+ 31. Bxf1 Kg7 32. Be2 Rf6 33. Bg4 Rg6 34. Bf5 Rg1+ 35. Kf2 Bd4+ 36. Ke2 h6 37. Rg3+ Rxg3 38. hxg3 h5 39. g4 hxg4 40. Bxg4 Kf6 41. Kd3 Bg1 42. Bf5 Ke7 43. Kc3 Bh2 44. Kb3 Kd8 45. Ka4 Bg3 46. Kb5 Bh2 47. Kc6 Bg3 48. a3 Bh2 49. Kb5 Bg3 50. Be6 Bf4 51. Bg8 Bg3 52. Kc6 Bf4 53. Be6 Bg3 54. Bf5 Bf4 55. Be6 Bg3 56. Bf5 Bf4 1/2-1/2

[Event "POL-chT 2nd League"]
[Site "Miedzyzdroje"]
[Date "2009.09.19"]
[Round "8"]
[White "Iwanow, Anna"]
[Black "Kludacz, Magdalena"]
[Result "0-1"]
[WhiteElo "2045"]
[BlackElo "2163"]
[PlyCount "134"]
[EventDate "2009.09.12"]
[EventType "team-swiss"]
[EventRounds "9"]
[EventCountry "POL"]
[SourceTitle "EXT 2019"]
[Source "ChessBase"]
[SourceDate "2018.10.10"]
[SourceVersion "1"]
[SourceVersionDate "2018.10.10"]
[SourceQuality "1"]
[WhiteTeam "Wroclaw KS Polonia"]
[BlackTeam "Gostynin Gostmat 83"]
[WhiteTeamCountry "POL"]
[BlackTeamCountry "POL"]

1. e4 c6 2. d4 d5 3. Nc3 dxe4 4. Nxe4 Bf5 5. Ng3 Bg6 6. h4 h6 7. Nf3 Nd7 8. h5 Bh7 9. Bd3 Bxd3 10. Qxd3 e6 11. Bd2 Ngf6 12. 0-0-0 Be7 13. Ne4 0-0 14. Nxf6+ Nxf6 15. Ne5 c5 16. Rh4 Nd7 17. Nxd7 Bxh4 18. Nxf8 Qxf8 19. Be3 Rd8 20. Qe4 Bf6 21. dxc5 Bxb2+ 22. Kxb2 Rxd1 23. Qxb7 Qd8 24. g4 Rd7 25. Qe4 Qc7 26. f4 Qb7+ 27. Qxb7 Rxb7+ 28. Kc3 f6 29. Bd4 Kf7 30. Kc4 Ke7 31. c6 Rb1 32. Bxa7 Kd6 33. Bc5+ Kxc6 34. Bf8 Rg1 35. Bxg7 Rxg4 36. Bxh6 Rh4 37. Bg7 Rxf4+ 38. Kd3 f5 39. h6 Rh4 40. a4 Kc5 41. c3 Rh3+ 42. Ke2 f4 43. Kf2 f3 44. Ke3 Kc4 45. Kf2 e5 46. Bxe5 Kd5 47. Bd4 Ke4 48. a5 Rxh6 49. Bb6 Rh2+ 50. Kf1 Rc2 51. a6 Rxc3 52. a7 Ra3 53. Ke1 Kf4 54. Kf1 Kg4 55. Kg1 Ra2 56. Kf1 Kf5 57. Ke1 Kf4 58. Kf1 Kg3 59. Bc7+ Kg4 60. Bb6 Ra6 61. Kf2 Ra2+ 62. Kf1 Kf4 63. Ke1 Kg3 64. Bf2+ Kg2 65. Bd4 Ra4 66. Be3 Ra1+ 67. Bc1 f2+ 0-1

[Event "POL-chT 2nd League"]
[Site "Miedzyzdroje"]
[Date "2009.09.15"]
[Round "4"]
[White "Leszner, Liliana"]
[Black "Kludacz, Magdalena"]
[Result "0-1"]
[WhiteElo "2165"]
[BlackElo "2163"]
[PlyCount "126"]
[EventDate "2009.09.12"]
[EventType "team-swiss"]
[EventRounds "9"]
[EventCountry "POL"]
[SourceTitle "EXT 2019"]
[Source "ChessBase"]
[SourceDate "2018.10.10"]
[SourceVersion "1"]
[SourceVersionDate "2018.10.10"]
[SourceQuality "1"]
[WhiteTeam "Milanowek UKS Jedwabnik"]
[BlackTeam "Gostynin Gostmat 83"]
[WhiteTeamCountry "POL"]
[BlackTeamCountry "POL"]

1. e4 e6 2. d3 d5 3. Nd2 c5 4. g3 g6 5. Bg2 Bg7 6. f4 Ne7 7. Ngf3 0-0 8. 0-0 Nbc6 9. c3 b6 10. Qa4 Qc7 11. Nh4 Bd7 12. Qb3 Na5 13. Qc2 Rad8 14. f5 exf5 15. exd5 g5 16. Nhf3 Nxd5 17. Nc4 g4 18. Nh4 Nxc4 19. dxc4 Ne7 20. Bf4 Qc8 21. Bd6 Ba4 22. Qxa4 Rxd6 23. Qxa7 Bf6 24. Rae1 Bxh4 25. gxh4 Ng6 26. h5 Nh4 27. Qe7 Qd8 28. Bd5 Qxe7 29. Rxe7 Kg7 30. Rb7 Rf6 31. Rf4 Kh6 32. b4 Kxh5 33. a4 Ng6 34. Rf2 f4 35. a5 bxa5 36. bxa5 f3 37. Rb6 Rxb6 38. axb6 Nf4 39. Rb2 Nxd5 40. cxd5 Kg5 41. b7 Rb8 42. Kf2 h5 43. c4 f5 44. d6 Kf6 45. Rd2 Rd8 46. Rd5 Ke6 47. Rxc5 Rb8 48. d7 Kxd7 49. Rxf5 Rxb7 50. Rxh5 Rb2+ 51. Kf1 Ke6 52. Rg5 Rg2 53. c5 Kf6 54. Rg8 Kf5 55. Rf8+ Ke5 56. Rd8 Kf5 57. Rf8+ Ke4 58. Rg8 Kf4 59. Rf8+ Ke3 60. Re8+ Kd4 61. c6 Rc2 62. Rg8 Rxc6 63. Rxg4+ Ke3 0-1

[Event "Rennes op 1st"]
[Site "Rennes"]
[Date "2008.07.28"]
[Round "1"]
[White "Kludacz, Magdalena"]
[Black "Savary, Xavier"]
[Result "1-0"]
[WhiteElo "2218"]
[BlackElo "1902"]
[PlyCount "45"]
[EventDate "2008.07.28"]
[EventType "swiss"]
[EventRounds "9"]
[EventCountry "FRA"]
[SourceTitle "EXT 2009"]
[Source "ChessBase"]
[SourceDate "2008.11.26"]
[SourceVersion "1"]
[SourceVersionDate "2008.11.26"]
[SourceQuality "1"]

1. d4 e5 2. dxe5 Nc6 3. Nf3 f6 4. exf6 Nxf6 5. g3 d5 6. Bg2 Bc5 7. 0-0 0-0 8. Bg5 Be6 9. Nc3 a6 10. Ne1 Ne7 11. Nd3 Bd6 12. Bxf6 Rxf6 13. e4 d4 14. e5 Bxe5 15. Ne4 Rf5 16. g4 Bxh2+ 17. Kxh2 Rb5 18. f4 Nd5 19. Qf3 Ne3 20. Rh1 Bxg4 21. Qg3 Qe7 22. Rae1 Re8 23. Rxe3 1-0

[Event "Copenhagen Challenge"]
[Site "Ballerup"]
[Date "2008.04.18"]
[Round "5"]
[White "Knudsen, Jes West"]
[Black "Kludacz, Magdalena"]
[Result "0-1"]
[WhiteElo "1980"]
[BlackElo "2215"]
[PlyCount "82"]
[EventDate "2008.04.16"]
[EventType "swiss"]
[EventRounds "9"]
[EventCountry "DEN"]
[SourceTitle "CBM 123 Extra"]
[Source "ChessBase"]
[SourceDate "2008.05.06"]
[SourceVersion "1"]
[SourceVersionDate "2008.05.06"]
[SourceQuality "1"]

1. e4 c6 2. Nf3 d5 3. exd5 cxd5 4. Ne5 Nc6 5. d4 Qb6 6. c3 Nf6 7. Qb3 Qxb3 8. axb3 Nxe5 9. dxe5 Nd7 10. Bf4 g5 11. Bxg5 Nxe5 12. Be3 a6 13. Ra5 Be6 14. b4 Nc6 15. Rc5 Bf5 16. Na3 e6 17. b5 Bxc5 18. Bxc5 axb5 19. Bxb5 Rg8 20. g3 e5 21. 0-0 f6 22. Rd1 Be6 23. Be2 Na7 24. Bh5+ Kd7 25. b4 Kc6 26. Be7 f5 27. c4 Nc8 28. b5+ Kc7 29. Bb4 dxc4 30. b6+ Kxb6 31. Be2 Kc6 32. Nxc4 Kb5 33. Bd2 Bxc4 34. Rb1+ Kc6 35. Bxc4 Rd8 36. Bb5+ Kc7 37. Bc3 Rd5 38. Bf1 Nd6 39. Bb4 Ra4 40. Bg2 e4 41. Bh3 b5 0-1

[Event "BL 0708 (Women)"]
[Site "Germany"]
[Date "2008.03.16"]
[Round "9.1"]
[White "Gaponenko, Inna"]
[Black "Kludacz, Magdalena"]
[Result "1-0"]
[WhiteElo "2422"]
[BlackElo "2217"]
[PlyCount "49"]
[EventDate "2007.11.10"]
[EventType "team-tourn"]
[EventRounds "11"]
[EventCountry "GER"]
[SourceTitle "EXT 2009"]
[Source "ChessBase"]
[SourceDate "2008.11.26"]
[SourceVersion "1"]
[SourceVersionDate "2008.11.26"]
[SourceQuality "1"]
[WhiteTeam "Rodewisch (W)"]
[BlackTeam "Torgelow (W)"]
[WhiteTeamCountry "GER"]
[BlackTeamCountry "GER"]

1. e4 e6 2. d4 d5 3. exd5 exd5 4. Nf3 Bg4 5. h3 Bh5 6. Qe2+ Qe7 7. Be3 Bxf3 8. Qxf3 Qb4+ 9. Nd2 Qxb2 10. Rb1 Qxa2 11. Rxb7 Nd7 12. Bd3 Ngf6 13. 0-0 Bd6 14. Nb3 Qb2 15. Bd2 Kd8 16. Na5 Nb6 17. Bf5 Ke8 18. Nb3 Be7 19. Ra1 Ne4 20. Bxe4 dxe4 21. Qxe4 Rd8 22. Bb4 Nd5 23. Bxe7 Nxe7 24. Rxc7 Rd7 25. Rxd7 1-0

[Event "POL-chT 63rd"]
[Site "Ustron"]
[Date "2007.09.08"]
[Round "8"]
[White "Dworakowska, Joanna"]
[Black "Kludacz, Magdalena"]
[Result "1/2-1/2"]
[WhiteElo "2320"]
[BlackElo "2244"]
[PlyCount "78"]
[EventDate "2007.09.01"]
[EventType "team-tourn"]
[EventRounds "9"]
[EventCountry "POL"]
[SourceTitle "EXT 2019"]
[Source "ChessBase"]
[SourceDate "2018.10.10"]
[SourceVersion "1"]
[SourceVersionDate "2018.10.10"]
[SourceQuality "1"]
[WhiteTeam "Katowice Hetman Szopienice"]
[BlackTeam "Grodzisk Polfa Mazowiecki"]
[WhiteTeamCountry "POL"]
[BlackTeamCountry "POL"]

1. d4 d5 2. c4 c6 3. Nf3 Nf6 4. Nc3 dxc4 5. a4 Bf5 6. e3 e6 7. Bxc4 Bb4 8. 0-0 Nbd7 9. Qe2 Bg6 10. e4 Bxc3 11. bxc3 Nxe4 12. Ba3 Qc7 13. Rfc1 0-0-0 14. a5 Kb8 15. Be7 Rde8 16. Bh4 f5 17. Ra3 Bh5 18. Rb1 g5 19. Ba6 gxh4 20. Rxb7+ Qxb7 21. Bxb7 Kxb7 22. Rb3+ Kc7 23. Qa6 Bxf3 24. Rb7+ Kd6 25. Rxd7+ Kxd7 26. gxf3 Nd2 27. Qxa7+ Kd6 28. Qc5+ Kd7 29. Qa7+ Kd8 30. Kg2 Rhg8+ 31. Kh3 Nxf3 32. Qa8+ Kc7 33. Qa7+ Kd6 34. Qc5+ Kd7 35. Qa7+ Kd8 36. Qa8+ Kc7 37. Qa7+ Kd6 38. Qc5+ Kd7 39. Qa7+ Kd8 1/2-1/2

[Event "POL-chT 63rd"]
[Site "Ustron"]
[Date "2007.09.06"]
[Round "6"]
[White "Bartel, Marta"]
[Black "Kludacz, Magdalena"]
[Result "1-0"]
[WhiteElo "2315"]
[BlackElo "2244"]
[PlyCount "87"]
[EventDate "2007.09.01"]
[EventType "team-tourn"]
[EventRounds "9"]
[EventCountry "POL"]
[SourceTitle "EXT 2019"]
[Source "ChessBase"]
[SourceDate "2018.10.10"]
[SourceVersion "1"]
[SourceVersionDate "2018.10.10"]
[SourceQuality "1"]
[WhiteTeam "Lublin UMCS"]
[BlackTeam "Grodzisk Polfa Mazowiecki"]
[WhiteTeamCountry "POL"]
[BlackTeamCountry "POL"]

1. d4 d5 2. Nf3 c6 3. c4 Nf6 4. Nc3 dxc4 5. a4 Bf5 6. Ne5 Nbd7 7. Nxc4 Qc7 8. g3 e5 9. dxe5 Nxe5 10. Bf4 Nfd7 11. Bg2 f6 12. 0-0 Nc5 13. Ne3 Bg6 14. b4 Rd8 15. Ncd5 cxd5 16. bxc5 Bxc5 17. Nxd5 Qf7 18. Rc1 b6 19. Qb3 0-0 20. h3 Kh8 21. Rfd1 Rd7 22. e4 Rfd8 23. g4 h5 24. Qg3 Qe6 25. g5 Bf7 26. gxf6 gxf6 27. Qh4 f5 28. Bg5 Rg8 29. Bf6+ Kh7 30. Bxe5 Rxd5 31. Rxd5 Qg6 32. Bg3 Bxd5 33. exd5 Bd6 34. Rc6 f4 35. Rxd6 Qxd6 36. Qxh5+ Kg7 37. Qg5+ Kf7 38. Qxf4+ Qxf4 39. Bxf4 Rc8 40. Bf1 Rc5 41. d6 Rh5 42. Bc4+ Ke8 43. Bb5+ Kf7 44. d7 1-0

[Event "POL-chT 63rd"]
[Site "Ustron"]
[Date "2007.09.04"]
[Round "4"]
[White "Kludacz, Magdalena"]
[Black "Chlost, Marlena"]
[Result "1-0"]
[WhiteElo "2244"]
[BlackElo "2120"]
[PlyCount "93"]
[EventDate "2007.09.01"]
[EventType "team-tourn"]
[EventRounds "9"]
[EventCountry "POL"]
[SourceTitle "EXT 2019"]
[Source "ChessBase"]
[SourceDate "2018.10.10"]
[SourceVersion "1"]
[SourceVersionDate "2018.10.10"]
[SourceQuality "1"]
[WhiteTeam "Grodzisk Polfa Mazowiecki"]
[BlackTeam "Poznan Pocztowiec"]
[WhiteTeamCountry "POL"]
[BlackTeamCountry "POL"]

1. d4 Nf6 2. c4 e6 3. g3 Bb4+ 4. Bd2 c5 5. Bxb4 cxb4 6. Bg2 0-0 7. e4 d6 8. Ne2 e5 9. Qd2 a5 10. 0-0 Re8 11. Re1 Qb6 12. a3 Na6 13. axb4 Nxb4 14. Nbc3 Bd7 15. dxe5 Ng4 16. Nf4 Nxe5 17. Ncd5 Qc5 18. b3 b5 19. Nxb4 axb4 20. cxb5 Ra3 21. Rac1 Qxb5 22. Qxd6 Qb8 23. Qxb8 Rxb8 24. Rb1 Bg4 25. h3 Bf3 26. Re3 Bxg2 27. Kxg2 Nc6 28. Nd5 Kf8 29. Rd1 Rb5 30. Rc1 Na7 31. Rc4 g6 32. Rxb4 Raa5 33. Rxb5 Rxb5 34. Rc3 Rb8 35. b4 Nb5 36. Rc6 Nd4 37. Rc4 Nb5 38. Kf3 Re8 39. Nc7 Nxc7 40. Rxc7 Rb8 41. Rc4 Ke7 42. Ke3 g5 43. f4 gxf4+ 44. gxf4 Kd6 45. Kd4 Rb5 46. e5+ Ke6 47. Rc6+ 1-0

[Event "Najdorf Memorial op-A"]
[Site "Grodzisk Mazowiecki"]
[Date "2007.07.28"]
[Round "9"]
[White "Kludacz, Magdalena"]
[Black "Tokarski, Bartosz"]
[Result "1/2-1/2"]
[WhiteElo "2244"]
[BlackElo "2100"]
[PlyCount "136"]
[EventDate "2007.07.20"]
[EventType "swiss"]
[EventRounds "9"]
[EventCountry "POL"]
[SourceTitle "CBM 119 Extra"]
[Source "ChessBase"]
[SourceDate "2007.09.04"]
[SourceVersion "1"]
[SourceVersionDate "2007.09.04"]
[SourceQuality "1"]

1. d4 Nf6 2. c4 g6 3. Nc3 Bg7 4. e4 d6 5. f3 0-0 6. Bg5 a6 7. Qd2 Nbd7 8. Nh3 c5 9. d5 b5 10. cxb5 Qa5 11. Nf2 Nb6 12. Be2 axb5 13. Nxb5 Bd7 14. Nc3 Rfb8 15. 0-0 Ne8 16. Rfc1 Na4 17. Nfd1 Rxb2 18. Nxb2 Bxc3 19. Rxc3 Qxc3 20. Qxc3 Nxc3 21. Bc4 f6 22. Bd2 Na4 23. Nxa4 Rxa4 24. Bb3 Ra3 25. Bc1 Ra7 26. a4 Nc7 27. Kf2 Bb5 28. Bd2 Ba6 29. Bc3 Rb7 30. Bc2 Kf7 31. Ke3 e6 32. dxe6+ Kxe6 33. Kd2 Bc4 34. Ba5 d5 35. Bxc7 Rxc7 36. Bd3 Bxd3 37. Kxd3 f5 38. exd5+ Kxd5 39. a5 c4+ 40. Kc3 Kc5 41. a6 Ra7 42. Ra4 Kb5 43. Rb4+ Ka5 44. Rb2 g5 45. g3 h6 46. Rb1 Ra8 47. a7 Ka6 48. Rb2 h5 49. h4 f4 50. gxf4 gxh4 51. Rh2 Rxa7 52. Rxh4 Kb6 53. Rxh5 Ra3+ 54. Kxc4 Rxf3 55. Rf5 Kc6 56. Kd4 Kd6 57. Ke4 Rf1 58. Ra5 Ke6 59. Ra6+ Kf7 60. Kf5 Rb1 61. Ra7+ Kf8 62. Kg5 Rb6 63. f5 Rc6 64. Rd7 Ra6 65. Rd4 Kf7 66. Rb4 Rc6 67. Rb5 Ra6 68. f6 Ra1 1/2-1/2

[Event "Police Gniota Memorial 22nd"]
[Site "Police"]
[Date "2007.07.18"]
[Round "8"]
[White "Czuchnicki, Adam"]
[Black "Kludacz, Magdalena"]
[Result "0-1"]
[WhiteElo "2114"]
[BlackElo "2244"]
[PlyCount "59"]
[EventDate "2007.07.11"]
[EventType "swiss"]
[EventRounds "9"]
[EventCountry "POL"]
[SourceTitle "CBM 119 Extra"]
[Source "ChessBase"]
[SourceDate "2007.09.04"]
[SourceVersion "1"]
[SourceVersionDate "2007.09.04"]
[SourceQuality "1"]

1. d4 d5 2. Nf3 c6 3. g3 Nf6 4. Bg2 Bf5 5. 0-0 e6 6. c4 h6 7. Nc3 Nbd7 8. Qb3 Qb6 9. c5 Qxb3 10. axb3 Ne4 11. Nd2 Nxd2 12. Bxd2 Be7 13. b4 0-0 14. b5 cxb5 15. Nxb5 a6 16. Nc3 Bf6 17. e3 Rac8 18. Rfc1 Nb8 19. b4 Bd3 20. f4 Nc6 21. Ra4 g5 22. Bf1 Bxf1 23. Kxf1 gxf4 24. gxf4 Kh7 25. b5 axb5 26. Nxb5 Ra8 27. Rca1 Rxa4 28. Rxa4 Rb8 29. Nc3 Bd8 30. Ra2 0-1

[Event "Police Gniota Memorial 22nd"]
[Site "Police"]
[Date "2007.07.16"]
[Round "6"]
[White "Jacek, Krystian"]
[Black "Kludacz, Magdalena"]
[Result "0-1"]
[WhiteElo "1940"]
[BlackElo "2244"]
[PlyCount "96"]
[EventDate "2007.07.11"]
[EventType "swiss"]
[EventRounds "9"]
[EventCountry "POL"]
[SourceTitle "CBM 119 Extra"]
[Source "ChessBase"]
[SourceDate "2007.09.04"]
[SourceVersion "1"]
[SourceVersionDate "2007.09.04"]
[SourceQuality "1"]

1. e4 e5 2. Nf3 Nc6 3. Bb5 Nf6 4. 0-0 Nxe4 5. d4 Nd6 6. Bxc6 dxc6 7. dxe5 Nf5 8. Qxd8+ Kxd8 9. Rd1+ Ke8 10. Nc3 Ne7 11. h3 Ng6 12. Be3 Be6 13. a3 h5 14. Rd2 h4 15. Rad1 Be7 16. Nd4 Nxe5 17. Bf4 Nc4 18. Nxe6 fxe6 19. Re2 Nxb2 20. Rde1 Bxa3 21. Nb1 Bb4 22. Rxe6+ Kf7 23. R1e4 Bc5 24. Be3 Bd6 25. Nd2 Rh5 26. Nf3 Ra5 27. Ng5+ Kf8 28. Bc1 Ra1 29. Re1 Nc4 30. Kf1 Ne5 31. f4 Nf7 32. Nf3 Bb4 33. Bd2 Rxe1+ 34. Bxe1 Bxe1 35. Rxe1 a5 36. Nxh4 a4 37. Ng6+ Kg8 38. Ne7+ Kh7 39. Nf5 Nd6 40. Nd4 Nb5 41. Ne2 a3 42. Ra1 c5 43. Ke1 Nd4 44. Nxd4 cxd4 45. Kd2 b5 46. Kd3 c5 47. Ra2 Re8 48. Kd2 Re3 0-1

[Event "Police Gniota Memorial 22nd"]
[Site "Police"]
[Date "2007.07.14"]
[Round "4"]
[White "Kludacz, Magdalena"]
[Black "Graf, Pawel"]
[Result "1-0"]
[WhiteElo "2244"]
[BlackElo "2130"]
[PlyCount "90"]
[EventDate "2007.07.11"]
[EventType "swiss"]
[EventRounds "9"]
[EventCountry "POL"]
[SourceTitle "CBM 119 Extra"]
[Source "ChessBase"]
[SourceDate "2007.09.04"]
[SourceVersion "1"]
[SourceVersionDate "2007.09.04"]
[SourceQuality "1"]

1. d4 c5 2. d5 e5 3. e4 d6 4. Nc3 Be7 5. Be2 Bg5 6. Bxg5 Qxg5 7. Nf3 Qe7 8. Nd2 Nf6 9. Nc4 0-0 10. 0-0 Rd8 11. a4 Nbd7 12. Qd2 Nf8 13. Bd3 Ng6 14. g3 Bh3 15. Rfe1 h6 16. Bf1 Bc8 17. Bg2 Nh7 18. h3 Ng5 19. h4 Nh7 20. Nd1 Ngf8 21. Nde3 g5 22. hxg5 hxg5 23. Qa5 Bd7 24. Qc7 b6 25. Qxd6 Qxd6 26. Nxd6 Ng6 27. Ndf5 Nf6 28. b3 Rab8 29. f3 Ne8 30. Bh3 Kf8 31. Kg2 Ne7 32. Rh1 Nxf5 33. Bxf5 Ke7 34. Bxd7 Kxd7 35. Rh5 Nd6 36. Rxg5 Re8 37. c4 Re7 38. Ng4 f5 39. exf5 e4 40. Nf6+ Kc7 41. Nxe4 Nxe4 42. fxe4 Rbe8 43. Re1 Rxe4 44. Rxe4 Rxe4 45. f6 Kd7 1-0

[Event "Police Gniota Memorial 22nd"]
[Site "Police"]
[Date "2007.07.12"]
[Round "2"]
[White "Krysztofiak, Marcin"]
[Black "Kludacz, Magdalena"]
[Result "1-0"]
[WhiteElo "2414"]
[BlackElo "2244"]
[PlyCount "53"]
[EventDate "2007.07.11"]
[EventType "swiss"]
[EventRounds "9"]
[EventCountry "POL"]
[SourceTitle "CBM 119 Extra"]
[Source "ChessBase"]
[SourceDate "2007.09.04"]
[SourceVersion "1"]
[SourceVersionDate "2007.09.04"]
[SourceQuality "1"]

1. Nf3 d5 2. c4 c6 3. e3 Nf6 4. Nc3 e6 5. b3 Nbd7 6. Bb2 Be7 7. Qc2 0-0 8. Be2 a6 9. d4 Re8 10. 0-0 Bd6 11. e4 dxe4 12. Nxe4 Nxe4 13. Qxe4 Qe7 14. Rad1 Nf6 15. Qh4 Bd7 16. Bd3 h6 17. Rfe1 a5 18. a4 Rab8 19. Ne5 Red8 20. Bc1 Ne8 21. Qg3 f6 22. Qg6 fxe5 23. dxe5 Bc5 24. Qh7+ Kf8 25. Re4 g5 26. Qh8+ Kf7 27. Qxh6 1-0